| 000 | 00537pab a2200157 454500 | ||
|---|---|---|---|
| 008 | 180718b xxu||||| |||| 00| 0 eng d | ||
| 100 | _aCarr T.R. | ||
| 245 | _aPublic administrators and policy legitimization: policy analysis, politics and power | ||
| 362 | _a16(8), 93, p.1199-1216 | ||
| 650 | _a Public Policy -- Study and Teaching | ||
| 650 | _a Bureaucracy | ||
| 650 | _a Administrative Officers | ||
| 650 | _aPublic Administration -- Study and Teaching | ||
| 773 | _aInternational Journal of Public Administration | ||
| 909 | _a25146 | ||
| 999 |
_c25146 _d25146 |
||